LEADER 01286nam a2200241 a 4500 001 000000111936 003 CaOOAMICUS 005 20080530101323.0 008 080530s2007 it ob m 000 0 eng d 040 $aPUG$bita$dfs$dPUL$dBc 100 1 $aSoro, Bawai.$0(OLS)http://pul/name/68892 245 14$aThe Church of the East :$bhistoric grounds for apostolic origins and theological premises for orthodoxy of faith /$cBawai Soro. 260 $aRoma :$bPontificia studiorum universitas a Sancto Thoma Aquinate in Urbe,$c2007. 300 $a344 p. :$bill., fotogr., c. geogr. ;$c24 cm. 502 $aDissertazione--Pontificia Universitas S. Thomae in Urbe. Facultas theologiae. 2007. 504 $aBibliografia: p. [330]-344. 610 24$aChiesa cattolica$zOriente.$0(OLS)http://pul/subject/11615 650 4$aChiese orientali.$0(OLS)http://pul/subject/8592 850 $aPUL 852 $aPUL$W1$xDP1 Tesi Pon. Univ. S. Tommaso$y44$m2007 B 2$j127959$qTesi$B126987$CPULBib$Z2$F126987 $82 941 1 $a16 996 $6245$aThe Church of the East :$bhistoric grounds for apostolic origins and theological premises for orthodoxy of faith$9(OLS)http://pul/title/140759 996 $6260$aRoma :$bPontificia studiorum universitas a Sancto Thoma Aquinate in Urbe$9(OLS)http://pul/publisher/74469 LEADER 01365nam a2200277 u 4500 001 000000055354 003 CaOOAMICUS 005 20070226115757.0 008 010125s2000 it u000 u ita u 035 $a10866268 040 $aPUL$bita 100 1 $aZehe, Matthias.$0(OLS)http://pul/name/38976 245 10$aAccertamento processuale dell'incidenza della depressione nel matrimonio canonico /$cMatthias Zehe. 260 $aRoma :$bPontificia Università Lateranense,$c2000. 300 $aiii, 223 p. ;$c25 cm 490 1 $aPontificia Universitas Lateranensis. Theses ad doctoratum in Utroque Iure 502 $aDiss. (doct.) -- Pontificia Universitas Lateranensis. 504 $aBibliografia in nota. 650 4$aMatrimonio (diritto canonico).$0(OLS)http://pul/subject/475 830 0$aTheses ad doctoratum in Utroque Iure (Pontificia Universitas Lateranensis).$0(OLS)http://pul/title/103322 850 $aPUL 852 $aPUL$W1$xDP1 Tesi Pon Univ. Lateranense$y41$mTH PUL 901$j72800$nBK-PRI$b $qTesi$B72800$CPULBib$Z2$F72800 $HPUL83591 $81 941 1 $a16 960 $aDiritto matrimoniale canonico$9475 996 $6245$aAccertamento processuale dell'incidenza della depressione nel matrimonio canonico$9(OLS)http://pul/title/74134 996 $6260$aRoma :$bPontificia Università Lateranense$9(OLS)http://pul/publisher/47963